[Event "Moscow Victory Day op"]
[Site "Moscow"]
[Date "2011.05.01"]
[Round "2"]
[White "Merezhko, Igor"]
[Black "Bykov, Evgeny Mikhailovich"]
[Result "1-0"]
[WhiteElo "2238"]
[BlackElo "2058"]
[PlyCount "75"]
[EventDate "2011.04.30"]
[EventType "swiss"]
[EventRounds "9"]
[EventCountry "RUS"]
[SourceTitle "CBM 142 Extra"]
[Source "ChessBase"]
[SourceDate "2011.06.27"]
[SourceVersion "1"]
[SourceVersionDate "2011.06.27"]
[SourceQuality "1"]

1. c4 Nc6 2. Nc3 e5 3. g3 Nf6 4. Bg2 g6 5. e4 Bg7 6. Nge2 0-0 7. 0-0 d6 8. f4 Be6 9. d3 Qd7 10. Nd5 Bg4 11. Ne3 Bh3 12. f5 Bxg2 13. Kxg2 Nd4 14. g4 Ne8 15. Nxd4 exd4 16. Nd5 c6 17. Nf4 Be5 18. Qf3 g5 19. Nh5 f6 20. h4 h6 21. hxg5 hxg5 22. Bd2 Kf7 23. Rh1 Rh8 24. Rh3 Ng7 25. Rah1 Nxh5 26. Rxh5 Rxh5 27. Rxh5 Rg8 28. Qh3 Rg7 29. Rh8 Ke7 30. Ra8 b6 31. Qh8 Rf7 32. Qb8 d5 33. Qxa7 Bc7 34. e5 dxc4 35. Bb4+ c5 36. Bxc5+ bxc5 37. Qxc5+ Bd6 38. exd6+ 1-0

[Event "Moscow-ch act"]
[Site "Moscow"]
[Date "2010.10.03"]
[Round "9"]
[White "Merezhko, Igor"]
[Black "Fominykh, Maria"]
[Result "0-1"]
[WhiteElo "2238"]
[BlackElo "2305"]
[PlyCount "48"]
[EventDate "2010.10.03"]
[EventType "swiss"]
[EventRounds "9"]
[EventCountry "RUS"]
[SourceTitle "EXT 2012"]
[Source "ChessBase"]
[SourceDate "2011.11.24"]
[SourceVersion "1"]
[SourceVersionDate "2011.11.24"]
[SourceQuality "1"]

1. e4 d6 2. d4 Nf6 3. Nc3 e5 4. dxe5 dxe5 5. Qxd8+ Kxd8 6. Bc4 Ke8 7. f4 Bb4 8. fxe5 Nxe4 9. Nge2 Bf5 10. 0-0 Bc5+ 11. Kh1 Nf2+ 12. Rxf2 Bxf2 13. Nd5 Bb6 14. Nxb6 axb6 15. Nd4 Bg6 16. e6 Na6 17. Bf4 Rd8 18. c3 c5 19. Bb5+ Ke7 20. exf7 cxd4 21. Bg5+ Kd6 22. Bxd8 Rxd8 23. Be8 Ke7 24. Re1+ Kf8 0-1

[Event "Moscow-ch act"]
[Site "Moscow"]
[Date "2010.10.03"]
[Round "1"]
[White "Merezhko, Igor"]
[Black "Shvedchikov, Anatoli I"]
[Result "1/2-1/2"]
[WhiteElo "2238"]
[BlackElo "2421"]
[PlyCount "82"]
[EventDate "2010.10.03"]
[EventType "swiss"]
[EventRounds "9"]
[EventCountry "RUS"]
[SourceTitle "EXT 2012"]
[Source "ChessBase"]
[SourceDate "2011.11.24"]
[SourceVersion "1"]
[SourceVersionDate "2011.11.24"]
[SourceQuality "1"]

1. c4 c5 2. g3 g6 3. Bg2 Bg7 4. Nc3 Nc6 5. e4 e6 6. Nge2 Nge7 7. 0-0 0-0 8. d3 d6 9. Be3 Nd4 10. Rb1 Nec6 11. f4 f5 12. a3 a5 13. Kh1 Bd7 14. exf5 gxf5 15. Bxd4 cxd4 16. Nb5 Be8 17. Qc2 Kh8 18. c5 dxc5 19. Qxc5 Rf7 20. Nd6 Rc7 21. Nxe8 Qxe8 22. Qb5 Ne7 23. Qxe8+ Rxe8 24. Rbc1 Rec8 25. Rxc7 Rxc7 26. Rc1 Rxc1+ 27. Nxc1 b6 28. Nb3 Kg8 29. Nd2 e5 30. fxe5 Bxe5 31. Nc4 Bc7 32. a4 Kf7 33. Kg1 Ke6 34. Kf2 Nd5 35. h4 Nb4 36. Bf1 Kd5 37. Kf3 Kc5 38. b3 Nd5 39. Bh3 Ne7 40. g4 fxg4+ 41. Bxg4 Ng6 1/2-1/2

[Event "Moscow op-B 04th"]
[Site "Moscow"]
[Date "2008.02.07"]
[Round "6"]
[White "Dzyuba, Alexander"]
[Black "Merezhko, Igor"]
[Result "0-1"]
[WhiteElo "2125"]
[BlackElo "2268"]
[PlyCount "56"]
[EventDate "2008.02.02"]
[EventType "swiss"]
[EventRounds "9"]
[EventCountry "RUS"]
[SourceTitle "CBM 122 Extra"]
[Source "ChessBase"]
[SourceDate "2008.03.04"]
[SourceVersion "1"]
[SourceVersionDate "2008.03.04"]
[SourceQuality "1"]

1. e4 c5 2. Nf3 Nc6 3. d4 cxd4 4. Nxd4 g6 5. Nc3 Bg7 6. Be3 Nf6 7. Nxc6 bxc6 8. e5 Ng8 9. Bd4 f6 10. exf6 Nxf6 11. Bd3 d6 12. f4 0-0 13. 0-0 c5 14. Bxf6 Bxf6 15. f5 Bd4+ 16. Kh1 Bxf5 17. Bxf5 Rxf5 18. Rxf5 gxf5 19. Qf3 e6 20. Re1 Be5 21. Ne2 Rb8 22. Nf4 Qh4 23. g3 Qg4 24. Qc6 Bxf4 25. gxf4 Kh8 26. a3 d5 27. Qxe6 Qf3+ 28. Kg1 Rg8+ 0-1

[Event "Moscow op-B 04th"]
[Site "Moscow"]
[Date "2008.02.05"]
[Round "4"]
[White "Nikologorskiy, Konstantin"]
[Black "Merezhko, Igor"]
[Result "1/2-1/2"]
[WhiteElo "2118"]
[BlackElo "2268"]
[PlyCount "47"]
[EventDate "2008.02.02"]
[EventType "swiss"]
[EventRounds "9"]
[EventCountry "RUS"]
[SourceTitle "CBM 122 Extra"]
[Source "ChessBase"]
[SourceDate "2008.03.04"]
[SourceVersion "1"]
[SourceVersionDate "2008.03.04"]
[SourceQuality "1"]

1. c4 Nf6 2. Nc3 g6 3. g3 Bg7 4. Bg2 0-0 5. e4 c5 6. Nge2 Nc6 7. 0-0 d6 8. d3 a6 9. h3 Rb8 10. f4 Ne8 11. f5 Nd4 12. g4 b5 13. Rb1 bxc4 14. dxc4 e6 15. fxg6 hxg6 16. b3 Qh4 17. Be3 e5 18. Qd2 f6 19. Nd5 Kh7 20. Nxd4 cxd4 21. Bf2 Qh6 22. Qxh6+ Bxh6 23. Be1 Kg7 24. Ba5 1/2-1/2

[Event "Moscow-ch 1/2 final"]
[Site "Moscow"]
[Date "2002.??.??"]
[Round "5"]
[White "Merezhko, Igor"]
[Black "Dobrov, Vladimir"]
[Result "0-1"]
[WhiteElo "2322"]
[BlackElo "2417"]
[PlyCount "74"]
[EventDate "2002.03.??"]
[EventType "swiss"]
[EventRounds "11"]
[EventCountry "RUS"]
[SourceTitle "EXT 2003"]
[Source "ChessBase"]
[SourceDate "2002.11.25"]
[SourceVersion "1"]
[SourceVersionDate "2002.11.25"]
[SourceQuality "1"]

1. c4 c6 2. e4 d5 3. exd5 cxd5 4. d4 Nf6 5. Nc3 e6 6. Nf3 Be7 7. Bd3 0-0 8. 0-0 dxc4 9. Bxc4 a6 10. a4 Nc6 11. Re1 Nb4 12. Ne5 Bd7 13. Bg5 Bc6 14. Nxf7 Rxf7 15. Bxe6 Qf8 16. Qb3 Be8 17. Re2 Kh8 18. Bh4 Bd6 19. Bxf7 Bxf7 20. Qd1 Bh5 21. f3 Nc6 22. d5 Ne5 23. Bg3 Bc5+ 24. Bf2 Nxf3+ 25. gxf3 Bxf3 26. Qd3 Ng4 27. Bd4 Bxe2 28. Nxe2 Ne5 29. Qe4 Nf3+ 30. Kg2 Nxd4 31. Nxd4 Qf6 32. Rd1 Rf8 33. Ne6 Qxb2+ 34. Kh1 Bd6 35. Qh4 Qe2 36. Nxf8 Qxd1+ 37. Kg2 Qxd5+ 0-1